00455nam a2200145 a 4500008004100000020001500041050001400056100002300070245007800093260003200171300002100203350000900224650004200233650003400275080109s1982 ||||||||||||||||| || u a0070379904 aQA 43 Lip aLipschutz, Seymour10aSchaum's outline of theory and problems of essential computer mathematics aNew YorkbMcGraw-Hillc1982 a(3), 357p. : ill a0.00 0aMATHEMATICS--PROBLEMS, EXERCISES, ETC 0aCOMPUTER SCIENCE--MATHEMATICS